000 00777nam a2200253Ia 4500
003 OSt
005 20220923230430.0
006 a|||||r|||| 00| 0
007 ta
008 Pun
020 _c160
024 _a281,825
037 _b851, 12/08/2014, H.K. Prakashan
_cTextual
040 _aARTS
_cARTS
_bPun
041 _2Pun
_aPun
082 _aO153,1NSA3x, Q0
100 _aਸੰਧੂ, ਅਰਤਿੰਦਰ
245 0 _aFੀFੇ ਦੀ ਜੂਨ
260 _aਅੰਮ੍ਰਿਤਸਰ
_b ਰੂਪੀ ਪ੍ਰਕਾFਨ
_c2010
300 _a112ਪੰ
_ccm.
650 _aਪੰਜਾਬੀ ਸਾਹਿਤ
942 _hO153,1NSA3x, Q0
_cTEXL
_2CC
999 _c384759
_d384759